00395nam a2200157Ia 45000010006000000050017000060080041000230410008000640820018000721000024000902450070001142600009001843000028001936500008002216540008002291027620260306161820.0260306t1995||||xx |||||||||||||| ||spa|| aESP a913.8513bS47 aShimada, IzumieAUT 0aCultura Sican:bdios riqueza y poder en la Costa Norte del Perú c1995 a219 páginas :c30 cm. aGEN aCHU